<?xml version="1.0" encoding="UTF-8"?>
<record
    xmlns:xsi="http://www.w3.org/2001/XMLSchema-instance"
    xsi:schemaLocation="http://www.loc.gov/MARC21/slim http://www.loc.gov/standards/marcxml/schema/MARC21slim.xsd"
    xmlns="http://www.loc.gov/MARC21/slim">

  <leader>00445aam a2200193   4500</leader>
  <datafield tag="999" ind1=" " ind2=" ">
    <subfield code="c">7023</subfield>
    <subfield code="d">7023</subfield>
  </datafield>
  <controlfield tag="001">8391</controlfield>
  <controlfield tag="003">OSt</controlfield>
  <controlfield tag="005">20180810133534.0</controlfield>
  <controlfield tag="007">tu</controlfield>
  <controlfield tag="008">161220s1973    xxu||||| |||| 00| 0 rus d</controlfield>
  <datafield tag="024" ind1="7" ind2=" ">
    <subfield code="a">8391</subfield>
    <subfield code="2">RID</subfield>
  </datafield>
  <datafield tag="040" ind1=" " ind2=" ">
    <subfield code="c">OSt</subfield>
  </datafield>
  <datafield tag="245" ind1=" " ind2=" ">
    <subfield code="a">Francja</subfield>
  </datafield>
  <datafield tag="260" ind1=" " ind2=" ">
    <subfield code="c">1973.</subfield>
    <subfield code="a">Moskva :</subfield>
  </datafield>
  <datafield tag="490" ind1=" " ind2=" ">
    <subfield code="a">Ekonomika i politika stran sowremnonnego kapitalizma</subfield>
  </datafield>
  <datafield tag="700" ind1="1" ind2=" ">
    <subfield code="a">Rubonskij, Jurij I.</subfield>
  </datafield>
  <datafield tag="700" ind1="1" ind2=" ">
    <subfield code="a">Aboltin, Vladimir J.</subfield>
  </datafield>
  <datafield tag="942" ind1=" " ind2=" ">
    <subfield code="c">B</subfield>
  </datafield>
</record>
